000 00447nam a2200181Ia 4500
005 20250423095715.0
008 250422s9999 xx 000 0 und d
020 _a9780256205718
050 _aHD 31 .C48/
100 _aChurch, Jeffrey
245 0 _aIndustrial organization : a strategic approach
260 _aNew York
260 _bMacGraw-Hill
260 _c2000
300 _a926 p
650 _aIndustrial organization.
942 _cBK
999 _c31087
_d31087